[Event "31st Bulgarian Open Chmpionshi"]
[Site "Plovdiv, Bulgaria"]
[Date "2009.02.05"]
[Round "7.35"]
[White "Janchev, Petar"]
[Black "Kamenov, Valentin"]
[Result "1-0"]
[WhiteElo "2208"]
[BlackElo "1793"]
[PlyCount "20"]
[EventDate "2009.02.01"]

1. d4 Nf6 2. Nf3 d6 3. Ng5 g6 4. Nd2 Bg7 5. e4 O-O 6. c3 Nbd7 7. Bc4 c6 8. O-O
Qc7 9. a4 Nb6 10. Bd3 e5 1-0

[Event "31st Bulgarian Open Chmpionshi"]
[Site "Plovdiv, Bulgaria"]
[Date "2009.02.05"]
[Round "7.36"]
[White "Voinas, Marios"]
[Black "Yordanova, Svetla"]
[Result "0-1"]
[WhiteElo "1998"]
[BlackElo "2202"]
[PlyCount "83"]
[EventDate "2009.02.01"]

1. d4 Nf6 2. Nf3 g6 3. c4 Bg7 4. Nc3 O-O 5. e4 d6 6. Be2 Na6 7. O-O e5 8. d5
Nc5 9. Qc2 a5 10. Ne1 h6 11. b3 Ne8 12. f3 f5 13. Nd3 Nxd3 14. Qxd3 f4 15. Nd1
h5 16. Nf2 g5 17. h3 Nf6 18. Bd2 Qe8 19. a3 b6 20. b4 a4 21. Rfc1 Qg6 22. c5
bxc5 23. bxc5 Ba6 24. Qxa6 Rxa6 25. Bxa6 g4 26. Be2 gxh3 27. Nxh3 Rf7 28. cxd6
cxd6 29. Rc8+ Bf8 30. Rf1 Rg7 31. Rf2 Qg3 32. Kf1 Rb7 33. Bb4 Kg7 34. Ba6 Rf7
35. Rfc2 Be7 36. R8c7 Ng4 37. fxg4 f3 38. Kg1 hxg4 39. Bc8 gxh3 40. Bxh3 f2+
41. Rxf2 Qxf2+ 42. Kh2 0-1

[Event "31st Bulgarian Open Chmpionshi"]
[Site "Plovdiv, Bulgaria"]
[Date "2009.02.05"]
[Round "7.37"]
[White "Ivanov, Ljubomir"]
[Black "Vlashki, Nino"]
[Result "0-1"]
[WhiteElo "1963"]
[BlackElo "2200"]
[PlyCount "86"]
[EventDate "2009.02.01"]

1. d4 Nf6 2. c4 g6 3. Nf3 Bg7 4. Nc3 O-O 5. e4 c6 6. Be2 d5 7. e5 Ne4 8. cxd5
cxd5 9. Qb3 Nxc3 10. Qxc3 Nc6 11. O-O Bg4 12. Be3 Rc8 13. Qd2 Qa5 14. Rfd1 Rc7
15. h3 Bf5 16. Nh4 Bd7 17. b3 Qxd2 18. Rxd2 Nb4 19. Bf4 e6 20. a3 Nc6 21. Rc1
Rfc8 22. Rdc2 Nxd4 23. Rxc7 Nxe2+ 24. Kf1 Nxc1 25. Rxd7 Nd3 26. Be3 Nxe5 27.
Rxb7 a5 28. f4 Nc6 29. Nf3 Bf8 30. Ng5 Nd8 31. Ra7 h6 32. Nf3 Nc6 33. Rd7 Bxa3
34. Ne5 Nxe5 35. fxe5 Bb2 36. Ra7 Bxe5 37. Rxa5 Rc3 38. Bxh6 Rxb3 39. Ra8+ Rb8
40. Ra5 Bc3 41. Rc5 Bd4 42. Rc2 Rb1+ 43. Ke2 Rb2 0-1

[Event "31st Bulgarian Open Chmpionshi"]
[Site "Plovdiv, Bulgaria"]
[Date "2009.02.05"]
[Round "7.40"]
[White "Vatkali, Dimitra"]
[Black "Videnova, Iva"]
[Result "0-1"]
[WhiteElo "1854"]
[BlackElo "2193"]
[PlyCount "120"]
[EventDate "2009.02.01"]

1. e4 c5 2. Nf3 Nc6 3. Bb5 Nf6 4. Bxc6 dxc6 5. d3 Bg4 6. Be3 Nd7 7. Nbd2 f6 8.
h3 Bh5 9. g4 Bf7 10. Qe2 e5 11. Nf1 Be7 12. Ng3 Nf8 13. Nf5 Ne6 14. b3 Bf8 15.
h4 Nd4 16. N3xd4 cxd4 17. Bd2 h5 18. g5 g6 19. Ng3 Be7 20. gxf6 Bxf6 21. O-O-O
Bxh4 22. Rdg1 Qe7 23. Kb1 Bf6 24. f4 O-O-O 25. f5 Rdg8 26. fxg6 Rxg6 27. Nf5
Qd7 28. Rf1 h4 29. Qf2 h3 30. Rh2 Be6 31. Rfh1 Rhg8 32. Rxh3 Rg2 33. Qe1 Bxf5
34. exf5 Qxf5 35. Rh5 Qg4 36. Qf1 Qxh5 37. Rxh5 Rg1 38. Rf5 Rxf1+ 39. Rxf1 Rg6
40. a4 Kd7 41. Rh1 Ke6 42. Kb2 Rg2 43. Kc1 Kd5 44. Rf1 Be7 45. Re1 Rxd2 46.
Kxd2 Bb4+ 47. Ke2 Bxe1 48. Kxe1 e4 49. dxe4+ Kxe4 50. Kd2 c5 51. Ke2 b6 52. Kd2
a6 53. Ke2 b5 54. axb5 axb5 55. Kd2 c4 56. bxc4 bxc4 57. Ke2 c3 58. Kd1 Kf3 59.
Ke1 Ke3 60. Kd1 Kf2 0-1

[Event "31st Bulgarian Open Chmpionshi"]
[Site "Plovdiv, Bulgaria"]
[Date "2009.02.06"]
[Round "8.1"]
[White "Stanojoski, Zvonko"]
[Black "Antic, Dejan"]
[Result "1/2-1/2"]
[WhiteElo "2493"]
[BlackElo "2495"]
[PlyCount "22"]
[EventDate "2009.02.01"]

1. e4 e6 2. d4 d5 3. Nd2 c5 4. exd5 Qxd5 5. Ngf3 cxd4 6. Bc4 Qd6 7. O-O Nf6 8.
Nb3 Nc6 9. Nbxd4 Nxd4 10. Nxd4 Bd7 11. Nb5 Qc6 1/2-1/2

[Event "31st Bulgarian Open Chmpionshi"]
[Site "Plovdiv, Bulgaria"]
[Date "2009.02.06"]
[Round "8.4"]
[White "Dimitrov, Pavel"]
[Black "Radulski, Julian"]
[Result "1/2-1/2"]
[WhiteElo "2395"]
[BlackElo "2579"]
[PlyCount "164"]
[EventDate "2009.02.01"]

1. e4 e5 2. Nf3 Nc6 3. Bb5 a6 4. Ba4 Nf6 5. O-O Be7 6. Re1 b5 7. Bb3 d6 8. c3
O-O 9. h3 Na5 10. Bc2 c5 11. d4 Qc7 12. Nbd2 Re8 13. d5 c4 14. Nf1 Nb7 15. Ng3
a5 16. Bd2 Nc5 17. b3 g6 18. Bg5 Bd7 19. Qd2 cxb3 20. axb3 Rec8 21. Rec1 Qd8
22. Bh6 Rab8 23. b4 Na4 24. Bd3 Rb7 25. Ng5 Qb6 26. Nf3 Qd8 27. Rab1 Rbc7 28.
Ne2 Nb6 29. bxa5 Nc4 30. Qe1 Nxa5 31. Nd2 Nc4 32. Bxc4 bxc4 33. Be3 Qe8 34. Rb4
Nh5 35. Rcb1 f5 36. f3 Nf6 37. Bb6 Rb7 38. Ng3 h5 39. Ngf1 h4 40. Bf2 Rbc7 41.
Bb6 Rb7 42. Bf2 Rbc7 43. Bxh4 Nh5 44. Bxe7 Qxe7 45. exf5 gxf5 46. Ne3 Nf4 47.
Rb8 Qg5 48. Kh2 Kf7 49. R1b7 Rxb7 50. Rxb7 Ke7 51. Qh4 Qxh4 52. Nxf5+ Kd8 53.
Nxh4 Nxd5 54. Ne4 Rc6 55. g4 Ne7 56. Nf6 Bc8 57. Rb5 Ra6 58. g5 Ra2+ 59. Kg3
Rc2 60. g6 Rxc3 61. g7 Rb3 62. Rd5 Rb6 63. Kf2 Be6 64. Ra5 Rc6 65. Ra8+ Rc8 66.
Ra7 Ng8 67. Nxg8 Bxg8 68. Ra1 Ke7 69. f4 exf4 70. Kf3 Kf6 71. Kxf4 c3 72. Ke3
d5 73. Rc1 d4+ 74. Kd3 Rd8 75. Nf3 Bh7+ 76. Kc4 Bg8+ 77. Kd3 Bh7+ 78. Kc4 Kxg7
79. Nxd4 Rc8+ 80. Kb4 c2 81. Kb3 Rb8+ 82. Kc3 Rc8+ 1/2-1/2

[Event "31st Bulgarian Open Chmpionshi"]
[Site "Plovdiv, Bulgaria"]
[Date "2009.02.06"]
[Round "8.5"]
[White "Kukov, Velislav"]
[Black "Chatalbashev, Boris"]
[Result "0-1"]
[WhiteElo "2373"]
[BlackElo "2560"]
[PlyCount "118"]
[EventDate "2009.02.01"]

1. d4 g6 2. c4 Bg7 3. Nc3 c5 4. d5 d6 5. e4 e6 6. Bd3 Nf6 7. Nf3 O-O 8. h3 Na6
9. O-O Nc7 10. dxe6 Nxe6 11. Be3 b6 12. Qd2 Bb7 13. Rad1 Qd7 14. Bc2 Rad8 15.
Rfe1 a6 16. Nd5 b5 17. Bh6 Bxd5 18. cxd5 Nc7 19. Qg5 Rfe8 20. Bxg7 Kxg7 21. Nh4
h6 22. Qg3 Nh5 23. Qc3+ Kh7 24. g4 b4 25. Qf3 Ng7 26. e5 Rxe5 27. Rxe5 dxe5 28.
Qf6 Nce8 29. Qxe5 Qd6 30. Nf3 Nc7 31. Qxd6 Rxd6 32. Ne5 Rxd5 33. Rxd5 Nxd5 34.
Nxf7 Ne6 35. Ne5 Ndf4 36. h4 Kg7 37. f3 g5 38. h5 Kf6 39. Nd7+ Ke7 40. Ne5 Nd4
41. Be4 Ke6 42. Nc4 Nb5 43. Bb7 a5 44. Nxa5 Nd6 45. Kf2 Nd3+ 46. Ke3 Nxb2 47.
f4 gxf4+ 48. Kxf4 Nd3+ 49. Ke3 Nc1 50. Ba6 Nxa2 51. Nb3 c4 52. Bxc4+ Nxc4+ 53.
Kd4 Nd6 54. Nd2 Nc3 55. Nf3 Nce4 56. Ke3 Kd5 57. Ne1 b3 58. Nd3 Nc4+ 59. Kf4
Kd4 0-1

[Event "31st Bulgarian Open Chmpionshi"]
[Site "Plovdiv, Bulgaria"]
[Date "2009.02.06"]
[Round "8.6"]
[White "Arnaudov, G  Petar"]
[Black "Janev, Evgeni"]
[Result "1-0"]
[WhiteElo "2347"]
[BlackElo "2454"]
[PlyCount "82"]
[EventDate "2009.02.01"]

1. d4 Nf6 2. c4 c5 3. d5 e6 4. Nc3 exd5 5. cxd5 d6 6. e4 g6 7. Bd3 Bg7 8. h3
O-O 9. Nf3 a6 10. a4 Nbd7 11. O-O Rb8 12. Bf4 Qe7 13. Nd2 Nh5 14. Bh2 b5 15.
axb5 axb5 16. Nxb5 Ne5 17. Be2 Qh4 18. f4 Ng3 19. Bxg3 Qxg3 20. Ra3 Qh4 21.
fxe5 Bd7 22. Nxd6 Rxb2 23. N6c4 Rb4 24. Raf3 Qe7 25. Qa1 Bb5 26. Bd3 h5 27. Qe1
Bh6 28. Qf2 Bg7 29. Kh1 Bd7 30. Qg3 Kh7 31. e6 fxe6 32. e5 Rf5 33. Bxf5 exf5
34. Rb3 Bb5 35. Rxb4 cxb4 36. Re1 Qc5 37. Qd3 Bh6 38. e6 Qf2 39. Nf3 Qa2 40. e7
Bxc4 41. Qb1 Qf2 1-0

[Event "31st Bulgarian Open Chmpionshi"]
[Site "Plovdiv, Bulgaria"]
[Date "2009.02.06"]
[Round "8.7"]
[White "Marholev, Dimitar"]
[Black "Milchev, Nikolay"]
[Result "1-0"]
[WhiteElo "2449"]
[BlackElo "2377"]
[PlyCount "87"]
[EventDate "2009.02.01"]

1. e4 e5 2. Nf3 Nc6 3. Bb5 a6 4. Ba4 Nf6 5. O-O Be7 6. Re1 b5 7. Bb3 O-O 8. a4
b4 9. d3 d6 10. h3 Na5 11. Ba2 c5 12. Nbd2 Rb8 13. Nc4 Nxc4 14. Bxc4 a5 15. Nh2
Nd7 16. f4 exf4 17. Bxf4 Ne5 18. Bxe5 dxe5 19. Kh1 Rb6 20. Rf1 Bg5 21. Ng4 Qe7
22. Qe2 Rg6 23. Ne3 Bf4 24. Nd5 Qg5 25. Nxf4 exf4 26. Rf3 Qe5 27. Raf1 Qxb2 28.
Rxf4 Be6 29. Bxe6 Rxe6 30. Qf2 Qc3 31. Rf5 Rc6 32. e5 Rc7 33. e6 f6 34. Qg3 Re7
35. Qd6 Rfe8 36. Rxc5 Rxe6 37. Qd5 Qe5 38. Rxa5 Qxd5 39. Rxd5 Re2 40. Rf4 Rxc2
41. Rxb4 Re1+ 42. Kh2 Ree2 43. Rd8+ Kf7 44. Rd7+ 1-0

[Event "31st Bulgarian Open Chmpionshi"]
[Site "Plovdiv, Bulgaria"]
[Date "2009.02.06"]
[Round "8.8"]
[White "Stamenkov, Vanco"]
[Black "Popchev, Milko"]
[Result "1/2-1/2"]
[WhiteElo "2333"]
[BlackElo "2444"]
[PlyCount "125"]
[EventDate "2009.02.01"]

1. d4 f5 2. g3 Nf6 3. Bg2 e6 4. Nd2 d5 5. Nh3 Be7 6. Nf4 O-O 7. Nf3 c6 8. O-O
Na6 9. Nd3 Bd7 10. Bg5 Be8 11. Nf4 Nc7 12. Qd3 Ng4 13. Bxe7 Qxe7 14. Qb3 Nb5
15. h3 Nf6 16. a4 Nd6 17. Qa3 Bf7 18. a5 Rfe8 19. Ne5 Rac8 20. e3 Nfe4 21. Rfd1
h6 22. Nfd3 Bh5 23. g4 Bf7 24. f3 Nf6 25. h4 Nh7 26. Nxf7 Kxf7 27. Ne5+ Kg8 28.
Qb4 Nf8 29. g5 hxg5 30. hxg5 Nf7 31. Qxe7 Rxe7 32. Nxf7 Kxf7 33. f4 Ng6 34. b4
Rec7 35. Rdc1 Ke7 36. c4 dxc4 37. Rxc4 Kd6 38. Kf2 Rh8 39. Kg3 Ne7 40. Rac1 Nd5
41. Bxd5 exd5 42. R4c2 Re7 43. Re1 g6 44. Rh2 Rxh2 45. Kxh2 b6 46. axb6 axb6
47. Kg3 Kc7 48. Kf3 Rh7 49. Kg3 Kb7 50. Ra1 Rh8 51. Rc1 Rc8 52. Ra1 Ra8 53. Rh1
Re8 54. Rh7+ Ka6 55. Rg7 Rxe3+ 56. Kf2 Re6 57. Rf7 Kb5 58. Rf6 Re4 59. Kf3 Rxd4
60. Rxg6 Rd3+ 61. Ke2 Rd4 62. Kf3 Rd3+ 63. Ke2 1/2-1/2

[Event "31st Bulgarian Open Chmpionshi"]
[Site "Plovdiv, Bulgaria"]
[Date "2009.02.06"]
[Round "8.9"]
[White "Andonovski, Ljubisa"]
[Black "Miljkovic, Miroslav D"]
[Result "0-1"]
[WhiteElo "2270"]
[BlackElo "2442"]
[PlyCount "112"]
[EventDate "2009.02.01"]

1. d4 d5 2. c4 c6 3. Nf3 Nf6 4. Nc3 e6 5. Bg5 Nbd7 6. e3 Qa5 7. cxd5 Nxd5 8.
Qd2 Bb4 9. Rc1 h6 10. Bh4 c5 11. Bd3 b6 12. a3 Bxc3 13. bxc3 Bb7 14. c4 Qxd2+
15. Nxd2 N5f6 16. O-O Rc8 17. a4 O-O 18. a5 Rfd8 19. axb6 cxd4 20. exd4 Nxb6
21. Nb3 Ba6 22. Bxf6 gxf6 23. Ra1 Bxc4 24. Bxc4 Rxc4 25. Rxa7 Rb4 26. Na5 Rd6
27. g3 Rbxd4 28. Kg2 Rd7 29. Rxd7 Rxd7 30. Rb1 Nd5 31. Rb7 Rd6 32. Nc4 Rc6 33.
Nd2 Kg7 34. Nf3 Rc4 35. Ra7 Rb4 36. Rd7 Ra4 37. Kf1 Ra1+ 38. Ke2 Nc3+ 39. Ke3
Ra2 40. Rd2 Nd5+ 41. Ke2 Ra1 42. Nd4 Kg6 43. Kf3 f5 44. Ne2 Kf6 45. Kg2 Ra4 46.
Rb2 f4 47. Nxf4 Nxf4+ 48. gxf4 Rxf4 49. Kg3 Rf5 50. Rb8 Rg5+ 51. Kf3 Kf5 52.
Rf8 f6 53. h4 Rg7 54. Rc8 Kg6 55. Re8 e5 56. Ke4 Kf7 0-1

[Event "31st Bulgarian Open Chmpionshi"]
[Site "Plovdiv, Bulgaria"]
[Date "2009.02.06"]
[Round "8.10"]
[White "Nikolov, Sasho"]
[Black "Simeonov, Stefan"]
[Result "0-1"]
[WhiteElo "2398"]
[BlackElo "2350"]
[PlyCount "104"]
[EventDate "2009.02.01"]

1. e4 c5 2. Nf3 d6 3. d4 cxd4 4. Nxd4 Nf6 5. Nc3 a6 6. Bd3 Nbd7 7. O-O e6 8.
Kh1 Be7 9. f4 O-O 10. Qe1 Nc5 11. Nf3 b5 12. e5 Nxd3 13. cxd3 Nd5 14. Nxd5 exd5
15. Nd4 Re8 16. Be3 Bf8 17. Qf2 Qe7 18. Rac1 dxe5 19. fxe5 Be6 20. Nb3 Qd7 21.
Bc5 d4 22. Bxf8 Rxf8 23. Nxd4 Rad8 24. Nc6 Rc8 25. Qb6 Bd5 26. Nd4 Qg4 27. Nf3
Rxc1 28. Rxc1 Bxf3 29. gxf3 Qxf3+ 30. Kg1 Qxd3 31. Re1 Re8 32. Qe3 Qxe3+ 33.
Rxe3 g5 34. Kf2 Kg7 35. Kf3 Kg6 36. Ra3 Re6 37. h4 h5 38. hxg5 Kxg5 39. Kg3 h4+
40. Kh3 Kh5 41. b4 Kg5 42. Ra5 Kf4 43. a4 Rb6 44. axb5 axb5 45. Ra7 Kxe5 46.
Rxf7 Kd5 47. Rf4 Re6 48. Rxh4 Re4 49. Rh5+ Kc4 50. Kg3 Kxb4 51. Kf3 Re8 52. Rh1
Kc3 0-1

[Event "31st Bulgarian Open Chmpionshi"]
[Site "Plovdiv, Bulgaria"]
[Date "2009.02.06"]
[Round "8.11"]
[White "Georgiev, Krum"]
[Black "Vasovski, Nikola"]
[Result "0-1"]
[WhiteElo "2465"]
[BlackElo "2328"]
[PlyCount "66"]
[EventDate "2009.02.01"]

1. e4 c5 2. Nf3 Nc6 3. Bb5 Nf6 4. Nc3 g6 5. e5 Ng4 6. Bxc6 dxc6 7. d3 Bg7 8.
Bf4 Nh6 9. Qd2 Nf5 10. Ne2 Nd4 11. Nexd4 cxd4 12. Bh6 Bxh6 13. Qxh6 Qa5+ 14.
Qd2 Qb6 15. b3 Bg4 16. Ng5 Qc5 17. f4 Qd5 18. h3 Bf5 19. O-O-O h6 20. Nf3 a5
21. Qf2 c5 22. g4 Bd7 23. Nd2 a4 24. Rhe1 axb3 25. axb3 Ra6 26. Kb2 O-O 27. Ra1
Rfa8 28. Qh4 c4 29. bxc4 Qc5 30. Nb3 Qb4 31. Rxa6 Rxa6 32. Qf2 Qc3+ 33. Kc1 Ba4
0-1

[Event "31st Bulgarian Open Chmpionshi"]
[Site "Plovdiv, Bulgaria"]
[Date "2009.02.06"]
[Round "8.12"]
[White "Pavlidis, Antonios"]
[Black "Rusev, Krasimir"]
[Result "1-0"]
[WhiteElo "2278"]
[BlackElo "2546"]
[PlyCount "59"]
[EventDate "2009.02.01"]

1. e4 e6 2. d4 d5 3. Nd2 Be7 4. Bd3 c5 5. dxc5 Nf6 6. Qe2 O-O 7. Ngf3 a5 8. O-O
Na6 9. exd5 exd5 10. Nb3 Re8 11. Bg5 a4 12. Nbd4 Nxc5 13. Bf5 a3 14. bxa3 Nce4
15. Bh4 Bxa3 16. Qb5 Ra5 17. Qb3 Bc5 18. Rfe1 g5 19. Nxg5 Nxg5 20. Bxg5 Bxd4
21. Qg3 Rxe1+ 22. Rxe1 Kh8 23. Bd3 Bc3 24. Qh4 h5 25. Bf4 Qg8 26. Re5 Qg7 27.
Rg5 Rxa2 28. Rxg7 Ra1+ 29. Bf1 Kxg7 30. Qg3+ 1-0

[Event "31st Bulgarian Open Chmpionshi"]
[Site "Plovdiv, Bulgaria"]
[Date "2009.02.06"]
[Round "8.13"]
[White "Lilov, Valeri"]
[Black "Shishkov, Minko"]
[Result "1-0"]
[WhiteElo "2443"]
[BlackElo "2271"]
[PlyCount "53"]
[EventDate "2009.02.01"]

1. e4 c5 2. Nc3 a6 3. Nf3 e6 4. d4 cxd4 5. Nxd4 Qc7 6. Bd3 Nf6 7. O-O Bc5 8.
Nb3 Ba7 9. Bg5 d6 10. Kh1 Nbd7 11. f4 h5 12. Be2 Ng4 13. Bxg4 hxg4 14. Qxg4 Kf8
15. Rad1 f6 16. Bh4 b5 17. a3 Nb6 18. Nd2 Bd7 19. Bf2 Re8 20. Bg1 e5 21. f5 g5
22. Bxb6 Qxb6 23. Nd5 Qb8 24. Nf3 Kf7 25. Rd2 Bc6 26. Rfd1 Bb7 27. Nxf6 1-0

[Event "31st Bulgarian Open Chmpionshi"]
[Site "Plovdiv, Bulgaria"]
[Date "2009.02.06"]
[Round "8.14"]
[White "Dochev, Dimitar"]
[Black "Janchev, Petar"]
[Result "1-0"]
[WhiteElo "2433"]
[BlackElo "2208"]
[PlyCount "183"]
[EventDate "2009.02.01"]

1. e4 d6 2. d4 Nf6 3. Nc3 Nbd7 4. Nf3 e5 5. Bc4 Be7 6. O-O O-O 7. a4 c6 8. Ba2
a5 9. h3 Qc7 10. Re1 Re8 11. Ng5 Rf8 12. Be3 h6 13. Nf3 Re8 14. dxe5 dxe5 15.
Nh4 Nf8 16. Qf3 Be6 17. Nf5 Bxa2 18. Rxa2 Ne6 19. Raa1 Kh7 20. Ne2 Ng8 21. Nxe7
Rxe7 22. Red1 g6 23. Ra3 Kg7 24. Rad3 Rd8 25. Rxd8 Nxd8 26. Nc1 Ne6 27. Nb3 Ng5
28. Bxg5 hxg5 29. Qe3 Rd7 30. Re1 f6 31. Nc5 Re7 32. Rd1 b6 33. Nb3 Nh6 34. Rd3
Nf7 35. Nd2 Nd6 36. Rb3 c5 37. Rd3 Qc6 38. Rd5 Nf7 39. b3 Rd7 40. Qd3 Rc7 41.
Nc4 Re7 42. f3 Ra7 43. Ne3 Rc7 44. Kf2 Ra7 45. Ke1 Rc7 46. Kd1 Ra7 47. Kc1 Rc7
48. Kb2 Ra7 49. Nd1 Rc7 50. Ne3 Ra7 51. Qb5 Qxb5 52. axb5 Kf8 53. Nc4 Rb7 54.
Nd6 Nxd6 55. Rxd6 Ke7 56. Rc6 Rb8 57. Kc3 Rb7 58. Kc4 Rb8 59. c3 Rb7 60. b4
axb4 61. cxb4 cxb4 62. Kxb4 Rb8 63. Rc7+ Ke6 64. Rc6+ Ke7 65. Kc4 Rb7 66. Kc3
Rb8 67. Kc2 Rb7 68. Kc3 Rb8 69. g4 Rb7 70. Kd3 Rd7+ 71. Ke3 Rd6 72. Rc7+ Ke6
73. Rg7 Rd7 74. Rg8 Kf7 75. Rb8 Rd6 76. Kf2 Kg7 77. Kg3 Kf7 78. h4 gxh4+ 79.
Kxh4 Rd3 80. Rb7+ Kg8 81. Kg3 Rd6 82. g5 f5 83. Re7 Rd4 84. exf5 Rd5 85. f6
Rxb5 86. Rg7+ Kf8 87. Rxg6 Rb4 88. Rg7 e4 89. fxe4 Rxe4 90. Rb7 b5 91. g6 Ke8
92. g7 1-0

[Event "31st Bulgarian Open Chmpionshi"]
[Site "Plovdiv, Bulgaria"]
[Date "2009.02.06"]
[Round "8.15"]
[White "Spassov, Liuben"]
[Black "Yordanova, Svetla"]
[Result "1-0"]
[WhiteElo "2417"]
[BlackElo "2202"]
[PlyCount "103"]
[EventDate "2009.02.01"]

1. d4 d5 2. c4 c6 3. Nf3 Nf6 4. e3 e6 5. Bd3 Bd6 6. O-O Nbd7 7. Nc3 O-O 8. e4
dxc4 9. Bxc4 e5 10. Bg5 exd4 11. Qxd4 Bc5 12. Qd2 b5 13. Bd3 Be7 14. Qe2 b4 15.
Na4 Re8 16. b3 Nf8 17. Rfd1 Qa5 18. Rac1 Bg4 19. Be3 Ng6 20. h3 Bxf3 21. Qxf3
Ne5 22. Qe2 Nxd3 23. Qxd3 Rad8 24. Qc2 Qe5 25. Nc5 Bxc5 26. Bxc5 Nxe4 27. Bxb4
Qf4 28. Be1 Rxd1 29. Rxd1 h5 30. Qxc6 Re6 31. Qa8+ Kh7 32. Qxa7 Rg6 33. Qe3 Qf5
34. a4 Ng5 35. Kf1 Ne6 36. Qf3 Nf4 37. Bd2 Rd6 38. Bxf4 Rxd1+ 39. Qxd1 Qxf4 40.
Qxh5+ Kg8 41. Qd1 Qh2 42. Qd8+ Kh7 43. Qd5 Qh1+ 44. Ke2 Qa1 45. Qxf7 Qb2+ 46.
Kf3 Qc3+ 47. Kg4 Qd4+ 48. Kg3 Qe5+ 49. f4 Qe3+ 50. Kh2 Kh8 51. a5 g5 52. Qf6+
1-0

[Event "31st Bulgarian Open Chmpionshi"]
[Site "Plovdiv, Bulgaria"]
[Date "2009.02.06"]
[Round "8.16"]
[White "Kojovic, Dragan"]
[Black "Vlashki, Nino"]
[Result "1/2-1/2"]
[WhiteElo "2403"]
[BlackElo "2200"]
[PlyCount "105"]
[EventDate "2009.02.01"]

1. e4 e5 2. Nf3 Nc6 3. Bb5 a6 4. Ba4 Nf6 5. O-O Bc5 6. Bxc6 dxc6 7. d3 Qe7 8.
Nbd2 Bg4 9. h3 Bh5 10. Nc4 Nd7 11. Rb1 f6 12. a3 a5 13. Ne3 Nf8 14. Nf5 Qd7 15.
b4 axb4 16. axb4 Bd6 17. g4 Bg6 18. Bd2 h5 19. Ra1 Rd8 20. N3h4 hxg4 21. Nxg6
Nxg6 22. Qxg4 Nh4 23. Nxd6+ cxd6 24. f4 Qxg4+ 25. hxg4 exf4 26. Bxf4 Ng6 27.
Bg3 d5 28. Ra7 dxe4 29. Re1 Rd7 30. Rxe4+ Kf7 31. Kg2 Re8 32. Kf3 Rxe4 33. Kxe4
Ke6 34. Ra8 Ne7 35. c4 g6 36. Rf8 f5+ 37. gxf5+ gxf5+ 38. Ke3 Ng6 39. Re8+ Re7
40. Rb8 Kf6+ 41. Kf3 Ne5+ 42. Bxe5+ Kxe5 43. Rd8 Rh7 44. d4+ Ke6 45. d5+ cxd5
46. Rxd5 Rc7 47. Rd4 Rd7 48. Rh4 Ke5 49. Ke3 Rg7 50. Kf3 Rg4 51. Rh7 b5 52.
cxb5 Rxb4 53. Re7+ 1/2-1/2

[Event "31st Bulgarian Open Chmpionshi"]
[Site "Plovdiv, Bulgaria"]
[Date "2009.02.06"]
[Round "8.17"]
[White "Xia, Jie"]
[Black "Popovic, Milos T"]
[Result "0-1"]
[WhiteElo "2239"]
[BlackElo "2400"]
[PlyCount "74"]
[EventDate "2009.02.01"]

1. e4 c5 2. Nf3 Nc6 3. d4 cxd4 4. Nxd4 g6 5. Nc3 Bg7 6. Nb3 Nf6 7. Be2 O-O 8.
O-O a5 9. a4 d6 10. Bg5 Be6 11. f4 Rc8 12. Kh1 Nb4 13. Bf3 Nd7 14. Rf2 Qb6 15.
Rd2 Nxc2 16. Qxc2 Bxb3 17. Qb1 f6 18. Bh4 Qe3 19. Rd3 Qxf4 20. Bg3 Qg5 21. Nd5
Bxd5 22. Rxd5 Ne5 23. Bxe5 fxe5 24. Rxa5 Bh6 25. Rb5 Rf4 26. Qd1 Rh4 27. h3 Qg3
28. Bg4 Bf4 29. Kg1 Rf8 30. Qb3+ Kh8 31. Qxg3 Bxg3 32. Rxb7 h5 33. Bf3 d5 34.
a5 dxe4 35. a6 exf3 36. a7 f2+ 37. Kf1 Re4 0-1

[Event "31st Bulgarian Open Chmpionshi"]
[Site "Plovdiv, Bulgaria"]
[Date "2009.02.06"]
[Round "8.18"]
[White "Mitkov, Marjan"]
[Black "Panajotov, Janko"]
[Result "1-0"]
[WhiteElo "2387"]
[BlackElo "2199"]
[PlyCount "69"]
[EventDate "2009.02.01"]

1. d4 Nf6 2. c4 e6 3. Nf3 b6 4. g3 Ba6 5. Qc2 Bb7 6. Bg2 c5 7. d5 exd5 8. cxd5
Bxd5 9. Nc3 Bc6 10. O-O Be7 11. e4 O-O 12. e5 Ne8 13. Rd1 Na6 14. a3 Rc8 15.
Nd5 Bxd5 16. Rxd5 Nec7 17. Rd1 Nb8 18. Be3 Ne6 19. Qa4 Qc7 20. Rd5 Rfd8 21.
Rad1 Nc6 22. Bf4 h6 23. h4 a5 24. R1d2 Kf8 25. Qe4 Kg8 26. h5 Bf8 27. Bf1 Ne7
28. Bd3 g6 29. hxg6 fxg6 30. Bc4 Kg7 31. Bxh6+ Kxh6 32. Qh4+ Kg7 33. Qf6+ Kh7
34. Rxd7 Rxd7 35. Bxe6 1-0

[Event "31st Bulgarian Open Chmpionshi"]
[Site "Plovdiv, Bulgaria"]
[Date "2009.02.06"]
[Round "8.19"]
[White "Angelov, Kosta"]
[Black "Pantev, Veselin"]
[Result "0-1"]
[WhiteElo "2229"]
[BlackElo "2381"]
[PlyCount "78"]
[EventDate "2009.02.01"]

1. e4 c6 2. d4 d5 3. f3 e6 4. Nc3 Qb6 5. Nge2 Nf6 6. a3 c5 7. Be3 Bd7 8. dxc5
Bxc5 9. Bxc5 Qxc5 10. exd5 exd5 11. Qd4 Qa5 12. O-O-O Nc6 13. Qd2 Be6 14. g4 h6
15. Nd4 O-O-O 16. h3 Qc7 17. Kb1 Rhe8 18. Bb5 Bd7 19. h4 Be6 20. Rhe1 Nd7 21.
Re3 Nb6 22. Rde1 Nc4 23. Bxc4 dxc4 24. Nxe6 Rxd2 25. Nxc7 Rxe3 26. Rxe3 Kxc7
27. Re4 Rh2 28. h5 Rh3 29. f4 f5 30. Re6 fxg4 31. Rg6 Rxh5 32. Rxg7+ Kd6 33.
Rxg4 Rh1+ 34. Ka2 Nd4 35. Rg6+ Kd7 36. Rg7+ Ke6 37. Rc7 b5 38. b3 Rh2 39. Kb1
Rxc2 0-1

[Event "31st Bulgarian Open Chmpionshi"]
[Site "Plovdiv, Bulgaria"]
[Date "2009.02.06"]
[Round "8.20"]
[White "Simjanovski, Saso"]
[Black "Filev, Georgi"]
[Result "1/2-1/2"]
[WhiteElo "2217"]
[BlackElo "2378"]
[PlyCount "110"]
[EventDate "2009.02.01"]

1. Nf3 Nf6 2. g3 d5 3. Bg2 c6 4. c4 Bg4 5. Ne5 Be6 6. cxd5 Bxd5 7. Nf3 c5 8.
O-O e6 9. b3 Be7 10. Bb2 O-O 11. d3 Nbd7 12. Nbd2 Bc6 13. e4 a5 14. a4 Qc7 15.
Nc4 Rfd8 16. Nfe5 Nb8 17. Qe2 Be8 18. f4 Nc6 19. Nxc6 bxc6 20. f5 exf5 21. Rxf5
Bd7 22. Rf4 Be6 23. Raf1 Rd4 24. Bxd4 cxd4 25. e5 Nd5 26. Bxd5 cxd5 27. Nd6
Bxd6 28. exd6 Qxd6 29. Qb2 Rb8 30. Kg2 h6 31. Rb1 Qc6 32. Rxd4 Rc8 33. Qf2 Rb8
34. b4 axb4 35. Qa2 Qc5 36. Rf4 d4 37. Qb2 b3 38. Rc1 Qe5 39. h4 Rd8 40. Kh2 g5
41. hxg5 hxg5 42. Re4 Qh8+ 43. Kg1 Bd5 44. Rc5 Bxe4 45. dxe4 Qh5 46. Qd2 f6 47.
Qd3 b2 48. Qb3+ Kh8 49. Qxb2 Qd1+ 50. Kg2 Qd3 51. e5 Qe4+ 52. Kg1 Qe3+ 53. Qf2
fxe5 54. Qxe3 dxe3 55. Rxe5 Rd4 1/2-1/2

[Event "31st Bulgarian Open Chmpionshi"]
[Site "Plovdiv, Bulgaria"]
[Date "2009.02.06"]
[Round "8.21"]
[White "Videnova, Iva"]
[Black "Dimitrov, Radoslav"]
[Result "1/2-1/2"]
[WhiteElo "2193"]
[BlackElo "2376"]
[PlyCount "214"]
[EventDate "2009.02.01"]

1. e4 e6 2. d4 d5 3. Nc3 Nf6 4. e5 Nfd7 5. f4 c5 6. Nf3 Nc6 7. Be3 Be7 8. Qd2
a6 9. dxc5 Nxc5 10. Bd3 Nxd3+ 11. Qxd3 Bd7 12. O-O O-O 13. f5 exf5 14. Nxd5 Be6
15. Nxe7+ Qxe7 16. Qd6 Qxd6 17. exd6 Nb4 18. Bc5 Nd5 19. c4 Nf6 20. b3 Ne4 21.
Ba3 Rfd8 22. c5 g6 23. Rac1 Rac8 24. Rfd1 f6 25. Bb4 Rd7 26. Nd4 Bd5 27. Nxf5
gxf5 28. Rxd5 Rxd6 29. Rxd6 Nxd6 30. Rf1 Ne4 31. Rxf5 Rd8 32. h3 Rd4 33. Ba5
Rd1+ 34. Kh2 Kf7 35. b4 Nd2 36. Kg3 Ne4+ 37. Kf3 Kg6 38. g4 Ng5+ 39. Ke2 Rh1
40. a4 Rh2+ 41. Kd3 Rxh3+ 42. Kc4 Nf7 43. Rd5 Ne5+ 44. Kd4 Nc6+ 45. Ke4 Ra3 46.
Rd7 Rxa4 47. Bb6 Rxb4+ 48. Ke3 Ne5 49. Rxb7 Nxg4+ 50. Kd2 Ne5 51. Kc3 Rb1 52.
Ra7 Rc1+ 53. Kd2 Ra1 54. Bc7 Nc6 55. Ra8 h5 56. Bd6 Na5 57. Rc8 Ra4 58. Kd3 Kf5
59. c6 Ke6 60. Bf8 Rc4 61. c7 Kd7 62. Ra8 Rc6 63. Bb4 Nb7 64. c8=Q+ Rxc8 65.
Rxa6 Rc6 66. Rxc6 Kxc6 67. Be7 f5 68. Ke3 Kd7 69. Kf4 Ke6 70. Bh4 Nc5 71. Kg5
Ke5 72. Bg3+ Ke4 73. Kxh5 Ne6 74. Bb8 Nf4+ 75. Kh4 Ne2 76. Bc7 Kf3 77. Kg5 Ke4
78. Kh4 Nd4 79. Kg3 Ne6 80. Bb8 Ng7 81. Kh4 Ne6 82. Kg3 Nc5 83. Kf2 Nd3+ 84.
Kg3 Nb4 85. Kf2 Nc6 86. Bc7 Ne7 87. Bd6 Ng6 88. Bb8 Nf4 89. Bc7 Nd3+ 90. Kg3
Nb4 91. Bb8 Nc6 92. Bc7 Nd4 93. Bb8 Ne2+ 94. Kf2 Nf4 95. Kg3 Nd3 96. Bc7 Ne5
97. Bxe5 Kxe5 98. Kf3 f4 99. Kf2 Ke4 100. Ke2 f3+ 101. Kf2 Kf4 102. Kf1 Kg3
103. Kg1 Kh3 104. Kf2 Kg4 105. Kf1 Kg3 106. Kg1 f2+ 107. Kf1 Kf3 1/2-1/2